| 000 | 00673cam a2200145 4500500 | ||
|---|---|---|---|
| 005 | 20260111085410.0 | ||
| 041 | _afre | ||
| 042 | _adc | ||
| 100 | 1 | 0 |
_aWybrands, Francis _eauthor |
| 245 | 0 | 0 | _aBernard Granger, Georges Charbonneau (dir.), Phénoménologie des sentiments corporels . I : Douleur, souffrance, dépression. II : Fatigue, lassitude, ennui. Association Le Cercle Herméneutique, collection Phéno, 2003, 210 et 242 pages, 18,30 € chaque volume |
| 260 | _c2004. | ||
| 500 | _a39 | ||
| 786 | 0 | _nÉtudes | 400 | 2 | 2004-02-01 | p. XXIX-XXIX | 0014-1941 | |
| 856 | 4 | 1 | _uhttps://shs.cairn.info/revue-etudes-2004-2-page-XXIX?lang=fr&redirect-ssocas=7080 |
| 999 |
_c1618145 _d1618145 |
||